Las madres de las que somos hijas: una aproximación a los mecanismos psicológicos y educativos profundos que mantienen a las mujeres en cautiverio /

La autora aborda la caracterización psicosocial de la mujer como ser para otros y la toma de conciencia de la necesidad de autovalorarse como ser para sí, a partir de una relación madre-hija ambivalente y conflictiva

Shranjeno v:
Bibliografske podrobnosti
Glavni avtor: Montari, María Rosa
Format: Texto
Teme:
Oznake: Označite
Brez oznak, prvi označite!

MARC

LEADER 00000 a a2200000 04500
001 18313
003
040
100 |a Montari, María Rosa  
245 |a Las madres de las que somos hijas:   |b una aproximación a los mecanismos psicológicos y educativos profundos que mantienen a las mujeres en cautiverio /  |c María Rosa Montari 
520 |a La autora aborda la caracterización psicosocial de la mujer como ser para otros y la toma de conciencia de la necesidad de autovalorarse como ser para sí, a partir de una relación madre-hija ambivalente y conflictiva  
650 |a GENERO  
650 |a MADRES  
650 |a PSICOLOGIA  
650 |a EDUCACION  
650 |a PANAMA  
773 |g volumen 5, número 1; páginas 59-76  
999 |c 26766  |d 26766